000 01529nam a2200385Ia 4500
001 ebr10654903
003 CaPaEBR
006 m u
007 cr cn|||||||||
008 110113s2011 nyua sb 001 0 eng d
010 _z 2010051543
020 _z1612092225 (hardcover)
020 _z9781612092225 (hardcover)
020 _z9781619422384 (ebook)
040 _aCaPaEBR
_cCaPaEBR
035 _a(OCoLC)767733403
050 1 4 _aS587
_b.E58 2011eb
245 0 0 _aEnvironmental chemistry of animal manure
_h[electronic resource] /
_cZhongqi He, editor.
260 _aNew York :
_bNova Science Publishers,
_cc2011.
300 _aviii, 459 p. :
_bill.
490 1 _aAnimal science, issues and professions
490 1 _aEnvironmental science, engineering and technology
504 _aIncludes bibliographical references and index.
533 _aElectronic reproduction.
_bPalo Alto, Calif. :
_cebrary,
_d2013.
_nAvailable via World Wide Web.
_nAccess may be limited to ebrary affiliated libraries.
650 0 _aAgricultural chemistry.
650 0 _aChemistry, Analytic.
650 0 _aEnvironmental chemistry.
650 0 _aFarm manure.
655 7 _aElectronic books.
_2local
700 1 _aHe, Zhongqi.
710 2 _aebrary, Inc.
830 0 _aAnimal science, issues, and professions series.
830 0 _aEnvironmental science, engineering and technology series.
856 4 0 _uhttp://site.ebrary.com/lib/rucke/Doc?id=10654903
_zAn electronic book accessible through the World Wide Web; click to view
999 _c76195
_d76195